Web-based event organizing system for blessed memories in marilao, bulacan (Record no. 85876)
[ view plain ]
| 000 -LEADER | |
|---|---|
| fixed length control field | 03077nam a22002537a 4500 |
| 003 - CONTROL NUMBER IDENTIFIER | |
| control field | URS |
| 005 - DATE AND TIME OF LATEST TRANSACTION | |
| control field | 20250908145820.0 |
| 008 - FIXED-LENGTH DATA ELEMENTS--GENERAL INFORMATION | |
| fixed length control field | 250908b2024 |||a|||| |||| 00| 0 eng d |
| 050 ## - LIBRARY OF CONGRESS CALL NUMBER | |
| Classification number | BSIT |
| Item number | .AL 316 2024 |
| 245 ## - TITLE STATEMENT | |
| Title | <a href="Web-based event organizing system for blessed memories in marilao, bulacan">Web-based event organizing system for blessed memories in marilao, bulacan</a> |
| Statement of responsibility, etc | Alaban, Terence Roi N., [and three others]. |
| 260 ## - PUBLICATION, DISTRIBUTION, ETC. (IMPRINT) | |
| Date of publication, distribution, etc | 2024 |
| 300 ## - PHYSICAL DESCRIPTION | |
| Extent | xii, 123 leaves : |
| Other physical details | illustrations ; |
| Dimensions | 28 cm |
| 336 ## - CONTENT TYPE | |
| Source | rdacontent |
| Content type term | text |
| 337 ## - MEDIA TYPE | |
| Source | rdamedia |
| Media type term | unmediated |
| 338 ## - CARRIER TYPE | |
| Source | rdacarrier |
| Carrier type term | volume |
| 500 ## - GENERAL NOTE | |
| General note | Undergraduate thesis (Information Technology) - University of Rizal System, Cainta 2024 |
| 520 ## - SUMMARY, ETC. | |
| Summary, etc | The project was all about Web-based Event Organizing System for Blessed Memories, which is located at Golden Hills Panorama, Barangay Loma De Gato Marilao, Bulacan.<br/>The system was developed using Visual Studio Code, open source, and cross-platform code editor that supports many languages and features. It also used Xampp for the database and PHP for the language. The Web-based Event Organizing System has two user type that provided different restriction level for admin and client. The admin has the ability to view the dashboard and user queries, the admin account also has the privilege to edit the packages, edit or update the reservations and edit the home page settings. For the client/user's end, clients can register an account, login an account, view the packages and reserve packages. The developed system also feature when registering which is the OTP verification in their Gmail that allows to verify their inputted Gmail.<br/>Based on the finding and comments/feedback that were gathered in the whole conduct of the project, the proponents concluded that the system was useful to the client as it provides security in handling the system, efficiently manage client user account, getting a verification to the user and managing the reservation status for the clients. <br/>After methodical process in developing and testing the project, the team achieved all the specified objectives of the project because the systems work as a required and without issues during normal use of the recipients.<br/>In view of the discussion of findings conclusions, it was recommended that the business company may take into consideration the end-users training on using the developed system and its maintenance. The business administration may implement a more datailed system, enhance the user interface by optimizing its responsiveness and adaptability, include an additional feature for system security, deploy a better web hosting, also making the reservation more detailed and specific. |
| Uniform Resource Identifier | Alaban, T. R. N.,(2024). Web-based event organizing system for blessed memories in marilao, bulacan. |
| 546 ## - LANGUAGE NOTE | |
| Language note | In English text. |
| 700 ## - ADDED ENTRY--PERSONAL NAME | |
| Personal name | Andres, Jose Enrique B. |
| Relator term | author |
| 700 ## - ADDED ENTRY--PERSONAL NAME | |
| Personal name | Lebrilla, Angel Gabriel T. |
| Relator term | author |
| 700 ## - ADDED ENTRY--PERSONAL NAME | |
| Personal name | Mosquite, Dean Bryx D. |
| Relator term | author |
| 856 ## - ELECTRONIC LOCATION AND ACCESS | |
| Materials specified | Online Request for Student Unpublished Works |
| Uniform Resource Identifier | https://docs.google.com/forms/d/e/1FAIpQLSdtj_eCncT3hgTIbOB8g-3uMYPTK14UGxs8cj-GqWFJPmnTLA/viewform |
| 942 ## - ADDED ENTRY ELEMENTS (KOHA) | |
| Source of classification or shelving scheme | Library of Congress Classification |
| Koha item type | Theses and dissertations |
| Withdrawn status | Source of classification or shelving scheme | Damaged status | Not for loan | Collection code | Home library | Current library | Shelving location | Date acquired | Total Checkouts | Full call number | Barcode | Date last seen | Price effective from | Koha item type |
|---|---|---|---|---|---|---|---|---|---|---|---|---|---|---|
| Library of Congress Classification | Non-fiction | Cainta College Library | Cainta College Library | Reference | 09/08/2025 | BSIT .AL 316 2024 | URSCAI-UGT0761 | 09/08/2025 | 09/08/2025 | Theses and dissertations |